Basic Concept of Inorganic Chemistry / (Record no. 587821)

000 -LEADER
fixed length control field 00400nam a22001457a 4500
020 ## - INTERNATIONAL STANDARD BOOK NUMBER
International Standard Book Number 9788131768617
082 ## - DEWEY DECIMAL CLASSIFICATION NUMBER
Classification number 546
Author Mark SIN
100 ## - MAIN ENTRY--PERSONAL NAME
Personal name Singh, D.N.
245 ## - TITLE STATEMENT
Title Basic Concept of Inorganic Chemistry /
Statement of responsibility, etc. D.N. Singh
260 ## - PUBLICATION, DISTRIBUTION, ETC.
Place of publication, distribution, etc. New Delhi :
Name of publisher, distributor, etc. Dorling Kindersley,
Date of publication, distribution, etc. 2017.
300 ## - PHYSICAL DESCRIPTION
Extent 543p. ;
Dimensions 24 cm.
942 ## - ADDED ENTRY ELEMENTS (KOHA)
Source of classification or shelving scheme
Koha item type Book
Holdings
Withdrawn status Lost status Source of classification or shelving scheme Damaged status Not for loan Permanent Location Current Location Shelving location Date acquired Source of acquisition Total Checkouts Full call number Barcode Date last seen Date last checked out Price effective from Koha item type
          Central Library (CL) Central Library (CL) Chemistry 02/10/2022 Donated by Fatima Sohail(S3H) 1 546 SIN CL-D-1450 07/26/2025 02/06/2025 02/10/2022 Book
© 2023 Central Library, National University of Sciences and Technology. All Rights Reserved.